<?xml version="1.0" encoding="UTF-8"?>
<collection xmlns="http://www.loc.gov/MARC21/slim">
 <record>
  <leader>00767pamaa2200229   4500</leader>
  <controlfield tag="001">0000052891</controlfield>
  <controlfield tag="005">20140821090000.0</controlfield>
  <controlfield tag="008">140821                             eng  </controlfield>
  <datafield tag="020" ind1="0" ind2="0">
   <subfield code="a">9780131736603 (pbk.) </subfield>
  </datafield>
  <datafield tag="020" ind1="0" ind2="0">
   <subfield code="a">0131736604 (pbk.) </subfield>
  </datafield>
  <datafield tag="090" ind1="0" ind2="0">
   <subfield code="a">HF5549 </subfield>
   <subfield code="b">GOM 2007</subfield>
  </datafield>
  <datafield tag="100" ind1="1" ind2="0">
   <subfield code="a">GOMEZ-Mejia </subfield>
  </datafield>
  <datafield tag="245" ind1="1" ind2="0">
   <subfield code="a">Managing human resources  </subfield>
   <subfield code="c">Luis R. Gomez-Mejia, David B. Balkin, Robert L. Cardy.</subfield>
  </datafield>
  <datafield tag="250" ind1="0" ind2="0">
   <subfield code="a">5th ed.</subfield>
  </datafield>
  <datafield tag="260" ind1="0" ind2="0">
   <subfield code="a">Upper Saddle River, N.J.: </subfield>
   <subfield code="b">Pearson/Prentice Hall, </subfield>
   <subfield code="c">2007.</subfield>
  </datafield>
  <datafield tag="300" ind1=" " ind2=" ">
   <subfield code="a">xxix, 639 p.: </subfield>
   <subfield code="b">col. ill.; </subfield>
   <subfield code="c">29 cm.</subfield>
  </datafield>
  <datafield tag="501" ind1="0" ind2="0">
   <subfield code="a">FOBCAL</subfield>
  </datafield>
  <datafield tag="504" ind1="0" ind2="0">
   <subfield code="a">Includes bibliographical references (p. 582-616) and indexes</subfield>
  </datafield>
  <datafield tag="650" ind1="0" ind2="0">
   <subfield code="a">Personnel management </subfield>
  </datafield>
  <datafield tag="700" ind1="1" ind2="1">
   <subfield code="a">Cardy, </subfield>
   <subfield code="h">Robert L. </subfield>
  </datafield>
  <datafield tag="700" ind1="1" ind2="1">
   <subfield code="a">Balkin, </subfield>
   <subfield code="h">David B. </subfield>
  </datafield>
  <datafield tag="901" ind1=" " ind2=" ">
   <subfield code="u">http://www.prenhall.com</subfield>
  </datafield>
 </record>
</collection>
